000 00654nam a2200193Ia 4500
008 151121s9999||||xx |||||||||||||| ||und||
082 _a572/दीक्षित
082 _bHNW-52367
100 _aदीक्षित मीनाक्षी
245 _aवंश आणि वंशवाद
260 _b"मंत्रालय, मुंबई"
260 _c--
300 _a162
600 _aदीक्षित मीनाक्षी
630 _aवंश आणि वंशवाद
700 _aदीक्षित मीनाक्षी
730 _aवंश आणि वंशवाद
942 _cBOOK
999 _c1236461
_d1236458